Hrad Plaveč sa dočká nevídanej obnovy

Bibliographic Details
Format: Article
Language:Slovak
PhysicalDescription:Fotogr.
ISSN:1338-0346
Subjects:

MARC

LEADER 00000nab a2200000 a 4500
001 vtls010620980
003 SK-MaSNL
005 20260305033406.0
008 140919c2014 xo wr n 0 0slo
038 |a SLLK 
040 |a SLLK  |b slo  |c sllk  |e AACR2 
041 |a slo 
044 |a xo  |c SK 
080 |a 728.81  |x (437.6)  |2 2001 
245 0 0 |a Hrad Plaveč sa dočká nevídanej obnovy  |c [autor] (mv) 
300 |b Fotogr. 
610 1 7 |a Plaveč (Slovensko : hrad )  |2 sllk  |9 165138 
648 7 |a 2014  |2 snkbucl  |9 334827 
650 0 7 |a obnova stavebných pamiatok  |2 sllk  |9 1263266 
650 0 7 |a hrady  |z Plaveč (Slovensko)  |2 sllk  |9 1613841 
651 7 |a Plaveč (Slovensko)  |2 sllk  |9 28609 
651 7 |a Stará Ľubovňa (Slovensko : okres)  |2 sllk  |9 19196 
773 0 |t Ľubovnianske noviny  |g Roč. XXXIX, č. 21 (2014), s. 3  |x 1338-0346 
999 |c 3324136  |d 3326066